Normal view
MARC view
Entry Topical Term
001 - CONTROL NUMBER
- control field: 705568
003 - CONTROL NUMBER IDENTIFIER
- control field: OSt
005 - DATE AND TIME OF LATEST TRANSACTION
- control field: 20221007103817.0
008 - FIXED-LENGTH DATA ELEMENTS
- fixed length control field: 221007|| aca||aabn | a|a d
040 ## - CATALOGING SOURCE
- Original cataloging agency: OSt
- Transcribing agency: OSt
150 ## - HEADING--TOPICAL TERM
- Topical term or geographic name entry element: DAMAGE AND COMPENSATION LAW
670 ## - SOURCE DATA FOUND
- Source citation: Work cat.: (OSt)1183677: Singhal J.P. 79886, Law of Damages and Compensation, 1970
